Nghệ thuật truyện kinh dị của Thế Lữ
Thế Lữ - Người mở đầ mạch truyện kinh dị hiện đại Việt Nam. Nghệ thuật dựng truyện kinh dị của Thế Lữ. Đặc sắc ngôn từ nghệ thuật truyện kinh dị của Thế Lữ
Đã lưu trong:
| Tác giả chính: | |
|---|---|
| Tác giả khác: | |
| Định dạng: | Sách |
| Ngôn ngữ: | Vietnamese |
| Được phát hành: |
Đà Nẵng
Đại học Đà Nẵng
2011
|
| Loạt: | Luận văn thạc sĩ khoa học xã hội và nhân văn . Chuyên ngành: Văn học Việt Nam
|
| Những chủ đề: | |
| Các nhãn: |
Thêm thẻ
Không có thẻ, Là người đầu tiên thẻ bản ghi này!
|
| Thư viện lưu trữ: | Mạng thư viện Đại học Đà Nẵng |
|---|
| LEADER | 01221nam a2200313 4500 | ||
|---|---|---|---|
| 001 | 000012634 | ||
| 003 | 8942 | ||
| 005 | 20120223080243.0 | ||
| 008 | 120223s2011 viesd | ||
| 041 | |a vie | ||
| 072 | |a Khóa luận tốt nghiệp | ||
| 082 | |a 895.922334 |b VO-B | ||
| 100 | |a Võ, Thị Bảy | ||
| 245 | |a Nghệ thuật truyện kinh dị của Thế Lữ |c Võ, Thị Bảy | ||
| 260 | |a Đà Nẵng |b Đại học Đà Nẵng |c 2011 | ||
| 300 | |a 115 tr. |c 29 cm |e tóm tắt + đia CD | ||
| 490 | |a Luận văn thạc sĩ khoa học xã hội và nhân văn . Chuyên ngành: Văn học Việt Nam | ||
| 500 | |a Tham khảo tr.111-115 | ||
| 520 | |a Thế Lữ - Người mở đầ mạch truyện kinh dị hiện đại Việt Nam. Nghệ thuật dựng truyện kinh dị của Thế Lữ. Đặc sắc ngôn từ nghệ thuật truyện kinh dị của Thế Lữ | ||
| 653 | |a Luận văn thạc sí | ||
| 700 | |a Nguyễn, Phong Nam |c PGS.TS |e Hướng dẫn | ||
| OWN | |a LSP | ||
| 999 | |a From the UDN01 | ||
| TYP | |a Monograph | ||
| TYP | |a Printed language | ||
| 980 | |a Mạng thư viện Đại học Đà Nẵng | ||